Showoff / (Record no. 1836)

MARC details
000 -LEADER
fixed length control field 01368cam a22003737a 4500
005 - DATE AND TIME OF LATEST TRANSACTION
control field 20231004105306.0
020 ## - INTERNATIONAL STANDARD BOOK NUMBER
International Standard Book Number 9780545320597 (hc)
020 ## - INTERNATIONAL STANDARD BOOK NUMBER
International Standard Book Number 0545320593 (hc)
020 ## - INTERNATIONAL STANDARD BOOK NUMBER
Canceled/invalid ISBN 9780545436519
020 ## - INTERNATIONAL STANDARD BOOK NUMBER
Canceled/invalid ISBN 0545436516
020 ## - INTERNATIONAL STANDARD BOOK NUMBER
International Standard Book Number 9780545320603 (pb)
020 ## - INTERNATIONAL STANDARD BOOK NUMBER
International Standard Book Number 0545320607 (pb)
040 ## - CATALOGING SOURCE
Original cataloging agency BTCTA
Language of cataloging eng
Transcribing agency BTCTA
Modifying agency BIB
-- JRS
-- BKX
-- BDX
-- SINLB
-- LF3
-- IHI
-- EHH
-- DLC
-- YDXCP
-- NLC
-- CNRCS
-- OCLCO
-- DLC
-- FISKH
050 00 - LIBRARY OF CONGRESS CALL NUMBER
Classification number PZ7.K8369
Item number Sh 2012
082 04 - DEWEY DECIMAL CLASSIFICATION NUMBER
Classification number [Fic]
Edition number 23
100 1# - MAIN ENTRY--PERSONAL NAME
Personal name Korman, Gordon.
245 10 - TITLE STATEMENT
Title Showoff /
Statement of responsibility, etc. Gordon Korman.
246 3# - VARYING FORM OF TITLE
Title proper/short title Show off
260 ## - PUBLICATION, DISTRIBUTION, ETC.
Place of publication, distribution, etc. New York :
Name of publisher, distributor, etc. Scholastic Inc.,
Date of publication, distribution, etc. 2012.
300 ## - PHYSICAL DESCRIPTION
Extent 248 pages ;
Dimensions 20 cm
505 ## - FORMATTED CONTENTS NOTE
Formatted contents note M
520 ## - SUMMARY, ETC.
Summary, etc. Accused of ruining a champion dog's career after an unfortunate incident at a mall show, Luthor is sent to the pound, prompting a skeptical Griffin to hatch a daring plan involving a sinister saboteur, a reclusive trainer, and large supply of red dye.
521 0# - TARGET AUDIENCE NOTE
Target audience note 740 <br/>
Source Lexile
521 1# - TARGET AUDIENCE NOTE
Target audience note M <br/>
Source Raz-Plus
650 #0 - SUBJECT ADDED ENTRY--TOPICAL TERM
Topical term or geographic name entry element Show dogs
Form subdivision Juvenile fiction.
650 #0 - SUBJECT ADDED ENTRY--TOPICAL TERM
Topical term or geographic name entry element Undercover operations
Form subdivision Juvenile fiction.
650 #1 - SUBJECT ADDED ENTRY--TOPICAL TERM
Topical term or geographic name entry element Show dogs
Form subdivision Fiction.
650 #1 - SUBJECT ADDED ENTRY--TOPICAL TERM
Topical term or geographic name entry element Undercover operations
Form subdivision Fiction.
650 #1 - SUBJECT ADDED ENTRY--TOPICAL TERM
Topical term or geographic name entry element Adventure and adventurers
Form subdivision Fiction.
655 #7 - INDEX TERM--GENRE/FORM
Genre/form data or focus term Adventure stories.
Source of term gsafd
906 ## - LOCAL DATA ELEMENT F, LDF (RLIN)
a 7
b cbc
c copycat
d 2
e ncip
f 20
g y-gencatlg
942 ## - ADDED ENTRY ELEMENTS (KOHA)
Source of classification or shelving scheme Dewey Decimal Classification
Koha item type Books
Suppress in OPAC No
999 ## -
-- 1836
-- 1836
Holdings
Withdrawn status Lost status Source of classification or shelving scheme Damaged status Not for loan Collection Home library Current library Shelving location Date acquired Total Checkouts Full call number Barcode Date last seen Price effective from Koha item type
    Dewey Decimal Classification     Juvenile Fiction Footprints International School Library Network Toul Kork Campus Footprints International School Library Network Toul Kork Campus TK Primary Library Room(4th Floor), Bookcase 5&6, Shelves 33-56, Orange Books 10/04/2023   KOR 303 PZ7.K8369 FISTK04958 10/04/2023 10/04/2023 Books